| 000 | 00432nam a22001697a 4500 | ||
|---|---|---|---|
| 003 | NUST - PNEC | ||
| 005 | 20170116181122.0 | ||
| 008 | 151005b xxu||||| |||| 00| 0 eng d | ||
| 020 | _a- | ||
| 040 | _cLIBRARY | ||
| 082 | _a623.873 KHE | ||
| 100 |
_913558 _aKhetagurov, M. |
||
| 245 |
_aMarine auxillary machinery and systems _cM. Khetagurov |
||
| 260 | _cc.1990 | ||
| 650 |
_913559 _aMarine engineering _xME |
||
| 942 |
_2ddc _cBK |
||
| 999 |
_c69628 _d69628 |
||